| 000 | 00449nam a2200145Ia 4500 | ||
|---|---|---|---|
| 008 | 231129s1994||||xx |||||||||||||| ||spa|| | ||
| 020 | _a84-7583-607-0 | ||
| 040 | _bspa | ||
| 082 | _a658.1511 W223r | ||
| 100 | _aWalsh Ciaran | ||
| 245 | 0 | _aRatios clave para la dirección de empresas: cómo evaluar al instante la situación de la empresa | |
| 260 | _c1994 | ||
| 264 | _aEdiciones Folio | ||
| 942 |
_2ddc _cBKS |
||
| 999 |
_c23724 _d23724 |
||